000 00490nam a2200193Ia 4500
005 20250423101713.0
008 250422s9999 xx 000 0 und d
020 _a9780443068027
050 _aRB 111 .Y68/
100 _aBarbara Young
245 0 _aWheater’s basic pathology; A text, Atlas and review of Histopathology
250 _a5th ed
260 _aChurchhill livingstone
260 _bElsevier
260 _c2005
300 _a337 p
650 _aPathology.
942 _cBK
999 _c37028
_d37028